Bítnik Ferlinghetti: "Bush je hlúpy ako líška"

Bibliographic Details
Main Author: Kytková, Kamila (Author)
Format: Article
Language:Slovak
PhysicalDescription:Fotogr.
ISSN:1337-219X
Subjects:

MARC

LEADER 00000nab a2200000 ar4500
001 vtls008963484
003 SK-MaSNL
005 20260303070750.0
008 070412c2007 xo mr|p|||||||000 b|slo
015 |a SNBRB2007/04  |2 snkbucl 
038 |a SNKBUCL 
040 |a SNKBUCL  |b slo  |c SNKBUCL  |e AACR2 
040 0 |a slo  |e AACR2 
041 0 |a slo 
044 |a xo  |c SK 
080 |a 82:929:821.111(73)  |2 2001 
080 |a 821.111(73)  |2 2001 
080 |a 929 Ferlinghetti, Lawrence  |2 2001 
100 1 |a Kytková, Kamila  |4 aut  |9 959013 
245 1 0 |a Bítnik Ferlinghetti: "Bush je hlúpy ako líška"  |c Kamila Kytková 
300 |b Fotogr. 
600 1 7 |a Ferlinghetti, Lawrence,  |d 1919-2021  |2 snkbucl  |9 206978 
773 0 |t Žurnál  |g Roč. I, č. 3 (2007), s. 48-50  |x 1337-219X 
852 |a SNK  |b KIS3GCP 
958 |a BC 
958 |a LX 
999 |c 1756827  |d 1758757